000 01828cam a22004098i 4500
001 21110782
003 OSt
005 20250610111439.0
006 m |o d |
007 cr |||||||||||
008 190724s2021 nyu ob 001 0 eng
010 _a 2019028391
020 _a9789354602078
040 _aDLC
_beng
_cDLC
_erda
042 _apcc
050 0 0 _aHD69.P75
082 0 0 _a658.404
_bLAR/P
100 1 _aGray, Clifford F.
_eauthor.
_91639
245 1 0 _aProject management :
_bthe managerial process /
_cErik W. Larson, Clifford F. Gray, Oregon State University.
250 _aEighth edition.
263 _a2001
264 1 _aNew York, NY :
_bMcGraw-Hill Education,
_c[2021]
300 _a730 pages
336 _atext
_btxt
_2rdacontent
337 _acomputer
_bc
_2rdamedia
338 _aonline resource
_bcr
_2rdacarrier
500 _aClifford F. Gray appears as the first named author in earlier editions.
504 _aIncludes bibliographical references and index.
520 _a"Our motivation in writing this text continues to be to provide a realistic, socio-technical view of project management. In the past, textbooks on project management focused almost exclusively on the tools and processes used to manage projects and not the human dimension"--
_cProvided by publisher.
588 _aDescription based on print version record and CIP data provided by publisher; resource not viewed.
650 0 _aProject management.
650 0 _aTime management.
650 0 _aRisk management.
700 1 _aLarson, Erik W.,
_d1952-
_eauthor.
_91640
776 0 8 _iPrint version:
_aGray, Clifford F..
_tProject management
_bEighth edition.
_dNew York, NY : McGraw-Hill Education, [2021]
_z9781260238860
_w(DLC) 2019028390
942 _2ddc
_cBK
_h658.404
_iLAR/P
_k658.404
_mLAR/P
999 _c44503
_d44503